[Event "FRA Top 16 Higher Pool U16"]
[Site "France"]
[Date "2022.06.05"]
[Round "2.4"]
[White "Desarmaux Do, Yanis Huy"]
[Black "Garde, Guillaume"]
[Result "0-1"]
[WhiteElo "1832"]
[BlackElo "1929"]
[PlyCount "98"]
[EventDate "2022.06.04"]
[EventType "tourn"]
[EventRounds "4"]
[EventCountry "FRA"]
[SourceTitle "EXT 2023"]
[Source "ChessBase"]
[SourceDate "2022.10.05"]
[SourceVersion "1"]
[SourceVersionDate "2022.10.05"]
[SourceQuality "1"]

1. e4 e6 2. d4 d5 3. Nd2 Be7 4. Bd3 c5 5. dxc5 Nf6 6. b4 dxe4 7. Nxe4 Nxe4 8. Bxe4 Qxd1+ 9. Kxd1 a5 10. b5 Bxc5 11. Ke2 Nd7 12. Bb2 0-0 13. Nf3 Bb6 14. Rhd1 Nc5 15. Nd2 Bd7 16. Ba3 Bxb5+ 17. Bd3 Nxd3 18. cxd3 Rfd8 19. Nc4 Bc7 20. Rab1 Ba6 21. Nb6 Bxb6 22. Rxb6 Rac8 23. Ke3 Rc2 24. Rb2 Rc6 25. Rbd2 b5 26. Bb2 f6 27. d4 Rcd6 28. a3 Kf7 29. Bc3 b4 30. axb4 Rc6 31. Bb2 axb4 32. f4 Bc4 33. Rc1 Bd5 34. Rxc6 Bxc6 35. Rc2 Bd5 36. Rc7+ Kg6 37. g3 Ra8 38. Kd3 Ra2 39. Kc2 Ra6 40. Kd3 b3 41. Kc3 Rb6 42. Ba3 h5 43. Kb2 Ra6 44. h4 Ra4 45. Bf8 Ra2+ 46. Kc1 Rg2 47. Rc3 b2+ 48. Kb1 Be4+ 49. Ka2 b1Q+ 0-1

[Event "FRA-ch U14"]
[Site "Agen"]
[Date "2022.04.22"]
[Round "7"]
[White "Matsumura, Cocoro"]
[Black "Garde, Guillaume"]
[Result "0-1"]
[WhiteElo "2052"]
[BlackElo "1882"]
[PlyCount "110"]
[EventDate "2022.04.16"]
[EventType "swiss"]
[EventRounds "9"]
[EventCountry "FRA"]
[SourceTitle "EXT 2023"]
[Source "ChessBase"]
[SourceDate "2022.10.05"]
[SourceVersion "1"]
[SourceVersionDate "2022.10.05"]
[SourceQuality "1"]

1. e4 e5 2. Nf3 Nc6 3. Bb5 a6 4. Ba4 d6 5. 0-0 Bd7 6. d3 g6 7. Nbd2 Bg7 8. Re1 Nge7 9. c3 0-0 10. Nf1 Kh8 11. Ng3 f5 12. exf5 Nxf5 13. Bg5 Bf6 14. Bxf6+ Qxf6 15. Ne4 Qg7 16. Bb3 h6 17. h3 Rae8 18. Rc1 Bc8 19. Rc2 Na5 20. Rd2 Nxb3 21. Qxb3 b6 22. Rde2 Bb7 23. Ned2 Qd7 24. Qc4 b5 25. Qg4 Qf7 26. d4 exd4 27. Nxd4 Rxe2 28. Rxe2 Nxd4 29. Qxd4+ Kh7 30. Qa7 c5 31. Qb6 Qd7 32. b4 cxb4 33. cxb4 Rf7 34. Nf1 Qc6 35. Qxc6 Bxc6 36. Re6 Rd7 37. Ne3 Kg7 38. Nc2 Kf7 39. Re3 Re7 40. Rc3 Bd5 41. Nd4 Re4 42. Rd3 Bxa2 43. f3 Bc4 44. Rd1 Re3 45. Nc6 d5 46. Ra1 Kf6 47. Rxa6 Re6 48. Nb8 Rxa6 49. Nxa6 Ke5 50. Kf2 Kd4 51. Nb8 Kc3 52. Nc6 d4 53. Ke1 d3 54. Na5 d2+ 55. Kd1 Bd3 0-1

[Event "FRA-ch Blitz Online Qual"]
[Site "Europe Echecs INT"]
[Date "2020.05.16"]
[Round "7"]
[White "Garde, Guillaume"]
[Black "Djidjeli, Sarah"]
[Result "1-0"]
[WhiteElo "1716"]
[BlackElo "2074"]
[PlyCount "127"]
[EventDate "2020.05.16"]
[EventType "swiss (blitz)"]
[EventRounds "15"]
[EventCountry "FRA"]
[SourceTitle "CBM 196 Extra"]
[Source "ChessBase"]
[SourceDate "2020.07.31"]
[SourceVersion "1"]
[SourceVersionDate "2020.07.31"]
[SourceQuality "1"]

1. e4 c5 2. Nc3 Nc6 3. Bb5 Nd4 4. Nf3 a6 5. Bd3 d6 6. Nxd4 cxd4 7. Ne2 e5 8. 0-0 Be6 9. c3 dxc3 10. dxc3 Ne7 11. c4 g6 12. Nc3 Bg7 13. Nd5 0-0 14. Bg5 f6 15. Be3 Nc6 16. Qd2 Nd4 17. Bxd4 exd4 18. Bc2 f5 19. exf5 Bxf5 20. Bxf5 Rxf5 21. Rfe1 Rf7 22. Rad1 Rc8 23. b3 b5 24. cxb5 axb5 25. Nb4 Qf6 26. Re2 h5 27. Nc2 d3 28. Qxd3 Rfc7 29. Ne3 Rc1 30. h3 Rxd1+ 31. Qxd1 Kh7 32. Nd5 Qf7 33. Re7 Qg8 34. Nf6+ Kh6 35. Nxg8+ Rxg8 36. Qxd6 Rc8 37. Qd7 Rc1+ 38. Kh2 Bc3 39. Rh7+ Kg5 40. h4+ Kf4 41. Rf7+ Ke5 42. Qe8+ Kd4 43. Rd7+ Kc5 44. Qc8+ Kb4 45. Rd4+ Ka3 46. Qf8+ Kb2 47. Rd6 Be5+ 48. g3 Bxd6 49. Qxd6 Kxa2 50. Qxg6 Kxb3 51. Qxh5 b4 52. Qd5+ Kb2 53. Qd2+ Rc2 54. Qxb4+ Kc1 55. Kg2 Kd1 56. Qb3 Kc1 57. Qxc2+ Kxc2 58. h5 Kd3 59. h6 Ke4 60. h7 Kf5 61. h8Q Ke6 62. Qf8 Kd7 63. g4 Ke6 64. g5 1-0

[Event "FRA-ch Blitz Online Qual"]
[Site "Europe Echecs INT"]
[Date "2020.05.16"]
[Round "14"]
[White "Moeller, Joshua"]
[Black "Garde, Guillaume"]
[Result "1-0"]
[WhiteElo "1469"]
[BlackElo "1716"]
[PlyCount "121"]
[EventDate "2020.05.16"]
[EventType "swiss (blitz)"]
[EventRounds "15"]
[EventCountry "FRA"]
[SourceTitle "CBM 196 Extra"]
[Source "ChessBase"]
[SourceDate "2020.07.31"]
[SourceVersion "1"]
[SourceVersionDate "2020.07.31"]
[SourceQuality "1"]

1. d4 d5 2. c3 Nf6 3. Bf4 c5 4. dxc5 e6 5. Nd2 Bxc5 6. Ngf3 Nc6 7. e3 0-0 8. Bb5 Bd7 9. Nd4 Nxd4 10. Bxd7 Nxd7 11. cxd4 Bb4 12. 0-0 Rc8 13. a3 Be7 14. Qe2 Nf6 15. Rac1 Qd7 16. b4 Rxc1 17. Rxc1 Rc8 18. Rxc8+ Qxc8 19. Nb3 h6 20. Qd3 Ne4 21. f3 Nd6 22. Nc5 b6 23. Nb3 Qc4 24. Qxc4 dxc4 25. Nd2 c3 26. Nb3 Nc4 27. Kf2 Nxa3 28. Ke2 Bxb4 29. Kd3 Kf8 30. e4 Ke7 31. Bc1 Nb5 32. Kc4 Ba3 33. Kxb5 Bd6 34. f4 f6 35. e5 fxe5 36. fxe5 Bc7 37. Ba3+ Kf7 38. g4 Bd8 39. Kc4 c2 40. Kd3 Kg6 41. Bc1 Bg5 42. Nd2 Bf4 43. h4 Bg3 44. h5+ Kg5 45. Ne4+ Kxg4 46. Nxg3 Kxg3 47. Kxc2 Kg4 48. Kd3 Kxh5 49. Ke4 Kg6 50. Kf4 a5 51. Ba3 b5 52. Bc5 b4 53. Kg4 b3 54. Ba3 a4 55. Bb2 Kh7 56. d5 exd5 57. e6 Kg8 58. Kf5 h5 59. Kg6 h4 60. e7 h3 61. e8Q# 1-0

[Event "FRA-ch Blitz Online Qual"]
[Site "Europe Echecs INT"]
[Date "2020.05.16"]
[Round "8"]
[White "Trabet, Mathis"]
[Black "Garde, Guillaume"]
[Result "1-0"]
[WhiteElo "2118"]
[BlackElo "1716"]
[PlyCount "51"]
[EventDate "2020.05.16"]
[EventType "swiss (blitz)"]
[EventRounds "15"]
[EventCountry "FRA"]
[SourceTitle "CBM 196 Extra"]
[Source "ChessBase"]
[SourceDate "2020.07.31"]
[SourceVersion "1"]
[SourceVersionDate "2020.07.31"]
[SourceQuality "1"]

1. e4 e6 2. d4 d5 3. Nd2 Nc6 4. Ngf3 Nf6 5. e5 Nd7 6. c3 f6 7. exf6 Nxf6 8. Bd3 Bd6 9. 0-0 0-0 10. Re1 Re8 11. Nf1 e5 12. dxe5 Nxe5 13. Nxe5 Rxe5 14. Bg5 Rxg5 15. Bc2 Bh3 16. Ne3 Bc5 17. Qf3 Bxe3 18. Qxh3 Bb6 19. Re6 g6 20. Rae1 Ng4 21. Re7 Bxf2+ 22. Kf1 Rh5 23. Qxg4 Qf8 24. Qe6+ Kh8 25. Rf7 Qg8 26. Qf6+ 1-0

[Event "FRA-ch Blitz Online Qual"]
[Site "Europe Echecs INT"]
[Date "2020.05.16"]
[Round "10"]
[White "Vallee, Louis"]
[Black "Garde, Guillaume"]
[Result "1/2-1/2"]
[WhiteElo "1864"]
[BlackElo "1716"]
[PlyCount "114"]
[EventDate "2020.05.16"]
[EventType "swiss (blitz)"]
[EventRounds "15"]
[EventCountry "FRA"]
[SourceTitle "CBM 196 Extra"]
[Source "ChessBase"]
[SourceDate "2020.07.31"]
[SourceVersion "1"]
[SourceVersionDate "2020.07.31"]
[SourceQuality "1"]

1. d4 d5 2. c4 dxc4 3. e4 e5 4. Nf3 exd4 5. Bxc4 Nc6 6. 0-0 Be6 7. Bb5 Bc5 8. b4 Bb6 9. a4 a6 10. Bxc6+ bxc6 11. a5 Ba7 12. Bb2 Nf6 13. Bxd4 Nxe4 14. Bxa7 Qxd1 15. Rxd1 Rxa7 16. Nd4 Bd5 17. f3 Nd6 18. Re1+ Kd7 19. Nc3 Rb7 20. Rab1 Rhb8 21. Nc2 Be6 22. Na4 Bf5 23. Nc5+ Kc8 24. Nxb7 Bxc2 25. Nxd6+ cxd6 26. Rb2 Bf5 27. Re7 Be6 28. Ra7 Bc4 29. Kf2 c5 30. Ke3 cxb4 31. Rc2 d5 32. Kd4 b3 33. Rb2 Rb7 34. Rxb7 Kxb7 35. Kc5 Kc7 36. f4 Kd7 37. f5 Ke7 38. g4 Kf6 39. Kd4 Kg5 40. Rg2 Kf4 41. Kc3 Kf3 42. Rg3+ Kf4 43. Rg1 g6 44. fxg6 fxg6 45. Rg2 Kf3 46. Rg3+ Kf4 47. g5 Ke4 48. Rh3 Kf4 49. Rg3 Kf5 50. h4 Kf4 51. Rg2 Kf3 52. Rg1 Kf4 53. Rh1 Kg4 54. Rh2 Kg3 55. Rh1 Kg4 56. Rh2 Kg3 57. Rh1 Kg4 1/2-1/2

[Event "FRA-ch Blitz Online Qual"]
[Site "Europe Echecs INT"]
[Date "2020.05.16"]
[Round "4"]
[White "Van Hoolandt, Patrick"]
[Black "Garde, Guillaume"]
[Result "1-0"]
[WhiteElo "2063"]
[BlackElo "1716"]
[PlyCount "37"]
[EventDate "2020.05.16"]
[EventType "swiss (blitz)"]
[EventRounds "15"]
[EventCountry "FRA"]
[SourceTitle "CBM 196 Extra"]
[Source "ChessBase"]
[SourceDate "2020.07.31"]
[SourceVersion "1"]
[SourceVersionDate "2020.07.31"]
[SourceQuality "1"]

1. d4 d5 2. c4 dxc4 3. e4 e5 4. Nf3 exd4 5. Nxd4 Bc5 6. Be3 Nf6 7. Nc3 0-0 8. Bxc4 Ng4 9. 0-0 Nxe3 10. fxe3 Qe7 11. Nd5 Qxe4 12. Nxc7 Qxe3+ 13. Kh1 Qxd4 14. Qxd4 Bxd4 15. Nxa8 Be5 16. Rae1 Bd6 17. Rd1 Be5 18. Rxf7 Nc6 19. Rf6+ 1-0

[Event "Espalion op 3rd"]
[Site "Espalion"]
[Date "2018.07.20"]
[Round "8"]
[White "Callebaut, Giovanni"]
[Black "Garde, Guillaume"]
[Result "1-0"]
[WhiteElo "1616"]
[BlackElo "1405"]
[PlyCount "65"]
[EventDate "2018.07.14"]
[EventType "swiss"]
[EventRounds "9"]
[EventCountry "FRA"]
[SourceTitle "CBM 185 Extra"]
[Source "ChessBase"]
[SourceDate "2018.07.29"]
[SourceVersion "1"]
[SourceVersionDate "2018.07.29"]
[SourceQuality "1"]

1. e4 e6 2. d4 d5 3. e5 c5 4. c3 Nc6 5. Nf3 Bd7 6. Bd3 Nge7 7. Bg5 cxd4 8. cxd4 Qb6 9. Nbd2 Nxd4 10. 0-0 Nxf3+ 11. Nxf3 Nc6 12. Re1 Be7 13. Qc2 Bxg5 14. Nxg5 h6 15. Nf3 Nb4 16. Qb3 Nxd3 17. Qxd3 0-0 18. Re3 Bc6 19. Nd4 Qxb2 20. Rae1 Qb6 21. Rg3 Kh8 22. Ree3 Qc5 23. Nb3 Qc4 24. Qd1 Ba4 25. Rg4 Bxb3 26. axb3 Qc5 27. h3 Rac8 28. Kh2 Qc2 29. Qe1 Qc1 30. Qb4 b6 31. Reg3 Rg8 32. Qe7 Rc7 33. Qf6 1-0

[Event "Espalion op 3rd"]
[Site "Espalion"]
[Date "2018.07.15"]
[Round "2"]
[White "Rabier, Jean"]
[Black "Garde, Guillaume"]
[Result "1-0"]
[WhiteElo "1732"]
[BlackElo "1405"]
[PlyCount "97"]
[EventDate "2018.07.14"]
[EventType "swiss"]
[EventRounds "9"]
[EventCountry "FRA"]
[SourceTitle "CBM 185 Extra"]
[Source "ChessBase"]
[SourceDate "2018.07.29"]
[SourceVersion "1"]
[SourceVersionDate "2018.07.29"]
[SourceQuality "1"]

1. e4 e6 2. Nf3 d5 3. Nc3 d4 4. Ne2 Nc6 5. c3 dxc3 6. bxc3 Nf6 7. d3 e5 8. Ng3 Bg4 9. Be2 Qd7 10. h3 Be6 11. Ng5 Be7 12. Nxe6 Qxe6 13. Nf5 0-0 14. g4 Rfd8 15. Bd2 Rd7 16. g5 Ne8 17. Bg4 Qg6 18. Nh4 Qd6 19. Bxd7 Qxd7 20. Qf3 Rd8 21. Nf5 Qxd3 22. Qxd3 Rxd3 23. Ke2 Rd7 24. h4 Nd6 25. Nxd6 Rxd6 26. Be3 a6 27. Rad1 Kf8 28. Rxd6 Bxd6 29. c4 b6 30. Rc1 Nd4+ 31. Bxd4 exd4 32. Kd3 c5 33. Rb1 Bc7 34. f4 Ke7 35. e5 Ke6 36. Ke4 g6 37. a4 a5 38. Rf1 Bd8 39. Rf3 Be7 40. Rh3 Bd8 41. h5 Bc7 42. hxg6 hxg6 43. Rh8 Kd7 44. Kd5 Bd8 45. Rh7 Ke8 46. e6 d3 47. exf7+ Kf8 48. Rh8+ Kxf7 49. Rxd8 1-0

[Event "Espalion op 3rd"]
[Site "Espalion"]
[Date "2018.07.14"]
[Round "1"]
[White "Garde, Guillaume"]
[Black "Pass, Deborah"]
[Result "0-1"]
[WhiteElo "1405"]
[BlackElo "1951"]
[PlyCount "90"]
[EventDate "2018.07.14"]
[EventType "swiss"]
[EventRounds "9"]
[EventCountry "FRA"]
[SourceTitle "CBM 185 Extra"]
[Source "ChessBase"]
[SourceDate "2018.07.29"]
[SourceVersion "1"]
[SourceVersionDate "2018.07.29"]
[SourceQuality "1"]

1. e4 d5 2. exd5 Nf6 3. d4 Nxd5 4. Nf3 g6 5. Bc4 Bg7 6. 0-0 0-0 7. Bg5 Nb6 8. Bb3 Nc6 9. c3 h6 10. Bh4 Bf5 11. Re1 Nd5 12. Nbd2 Re8 13. Nc4 g5 14. Bg3 e6 15. Nfe5 Nxe5 16. Nxe5 Nf6 17. Bc2 Bxc2 18. Qxc2 Qd5 19. Qb3 Qxb3 20. axb3 Nh5 21. Ra4 Nxg3 22. hxg3 a6 23. Rc4 c6 24. Rb4 f6 25. Nd3 b5 26. d5 exd5 27. Rd4 Rxe1+ 28. Nxe1 Re8 29. Kf1 f5 30. Rd2 Re4 31. Nd3 d4 32. Nc5 dxc3 33. bxc3 Re8 34. Nxa6 Bxc3 35. Re2 Ra8 36. Ra2 c5 37. Nb4 Rd8 38. Nc6 Re8 39. Re2 Kf7 40. Rxe8 Kxe8 41. Na7 b4 42. Nb5 Be5 43. Ke2 Kd7 44. Kd3 Bb8 45. Kc4 Kc6 0-1